[Event "Basingstoke 4NCL Spring Bank 2nd U2050"]
[Site "Basingstoke"]
[Date "2019.05.27"]
[Round "6"]
[White "Pink, Joshua"]
[Black "Sommer, Martin C"]
[Result "1-0"]
[WhiteElo "1928"]
[BlackElo "1985"]
[PlyCount "81"]
[EventDate "2019.05.24"]
[EventType "swiss"]
[EventRounds "7"]
[EventCountry "ENG"]
[SourceTitle "EXT 2020"]
[Source "ChessBase"]
[SourceDate "2019.10.17"]
[SourceVersion "1"]
[SourceVersionDate "2019.10.17"]
[SourceQuality "1"]

1. c3 e6 2. Nf3 d5 3. d4 Nf6 4. e3 b6 5. Bd3 Bb7 6. 0-0 Nbd7 7. Re1 Bd6 8. Nbd2 Ne4 9. c4 f5 10. a3 a5 11. b3 0-0 12. Bb2 Qe7 13. Ne5 Nxd2 14. Qxd2 Bxe5 15. dxe5 Nc5 16. Bc2 dxc4 17. bxc4 Qg5 18. f4 Qg4 19. Bd4 Rfd8 20. Qe2 Qxe2 21. Rxe2 Ba6 22. Bxc5 Bxc4 23. Ree1 bxc5 24. Rac1 Bd5 25. e4 fxe4 26. Bxe4 c4 27. Bb1 Rab8 28. Red1 Rf8 29. g3 Rb2 30. Bc2 Rfb8 31. Kf1 Ra2 32. f5 Rbb2 33. fxe6 Bxe6 34. Be4 Rxh2 35. Rb1 Rhf2+ 36. Kg1 Rfb2 37. Rd8+ Kf7 38. Rf1+ Ke7 39. Ra8 Rxa3 40. Bc6 Rb6 41. Re8# 1-0

[Event "Basingstoke 4NCL Spring Bank 2nd U2050"]
[Site "Basingstoke"]
[Date "2019.05.25"]
[Round "3"]
[White "Carter, Rebecca"]
[Black "Sommer, Martin C"]
[Result "0-1"]
[WhiteElo "1598"]
[BlackElo "1985"]
[PlyCount "60"]
[EventDate "2019.05.24"]
[EventType "swiss"]
[EventRounds "7"]
[EventCountry "ENG"]
[SourceTitle "EXT 2020"]
[Source "ChessBase"]
[SourceDate "2019.10.17"]
[SourceVersion "1"]
[SourceVersionDate "2019.10.17"]
[SourceQuality "1"]

1. c4 Nf6 2. Nc3 g6 3. Nf3 Bg7 4. g3 0-0 5. Bg2 d6 6. d4 Nbd7 7. 0-0 e5 8. a3 Re8 9. b4 c6 10. Bb2 e4 11. Nd2 d5 12. e3 Nf8 13. b5 Bf5 14. bxc6 bxc6 15. Rb1 Rb8 16. Qc2 Qd7 17. Rfc1 Rec8 18. Qd1 h5 19. a4 Ne6 20. Ba3 Ng5 21. Rb3 Bg4 22. Qe1 Rxb3 23. Nxb3 Bf3 24. Nd2 Bxg2 25. Kxg2 Qh3+ 26. Kh1 dxc4 27. Qf1 Qf5 28. Qg2 Ng4 29. Ndxe4 Nxe4 30. Nxe4 Qxe4 0-1

[Event "DSSM WK2"]
[Site "Husum"]
[Date "2002.05.13"]
[Round "7.4"]
[White "Bartsch, Tom"]
[Black "Sommer, Martin C"]
[Result "1-0"]
[WhiteElo "664"]
[BlackElo "981"]
[PlyCount "41"]
[EventDate "2002.05.10"]
[EventType "team-tourn"]
[EventRounds "7"]
[EventCountry "GER"]
[SourceTitle "CBM 088 Extra"]
[Source "ChessBase"]
[SourceDate "2002.07.01"]
[SourceVersion "2"]
[SourceVersionDate "2002.07.01"]
[SourceQuality "1"]

1. e4 e5 2. Nf3 Nc6 3. d4 exd4 4. Nxd4 Bc5 5. Nxc6 bxc6 6. Bc4 Nf6 7. Nc3 0-0 8. 0-0 d6 9. Bg5 Be6 10. Bd3 h6 11. Bh4 g5 12. Bg3 Nd7 13. Kh1 f5 14. f4 fxe4 15. Bxe4 d5 16. f5 dxe4 17. fxe6 Rxf1+ 18. Qxf1 Nf8 19. Qf7+ Kh8 20. Be5+ Qf6 21. Bxf6# 1-0

[Event "DSSM WK2"]
[Site "Husum"]
[Date "2002.05.10"]
[Round "1.4"]
[White "Malasch, Michael"]
[Black "Sommer, Martin C"]
[Result "1-0"]
[WhiteElo "1198"]
[BlackElo "981"]
[PlyCount "57"]
[EventDate "2002.05.10"]
[EventType "team-tourn"]
[EventRounds "7"]
[EventCountry "GER"]
[SourceTitle "CBM 088 Extra"]
[Source "ChessBase"]
[SourceDate "2002.07.01"]
[SourceVersion "2"]
[SourceVersionDate "2002.07.01"]
[SourceQuality "1"]

1. e4 e5 2. Nf3 Nc6 3. Bc4 Nf6 4. Nc3 Bc5 5. 0-0 d6 6. d3 Bg4 7. Bg5 0-0 8. Nd5 h6 9. Nxf6+ gxf6 10. Bxh6 Re8 11. Be3 Bd4 12. c3 Bc5 13. b4 Bb6 14. a4 a6 15. a5 Ba7 16. Bxa7 Rxa7 17. Qe2 Kh8 18. Qe3 f5 19. exf5 Bxf5 20. Bxf7 Re7 21. Qh6+ Bh7 22. Ng5 Rxf7 23. Nxf7+ Kg8 24. Nxd8 Nxd8 25. Qg5+ Kf7 26. Qxd8 Bxd3 27. Rfd1 Bc4 28. Qb8 b6 29. Qxa7 1-0